000 03356cam a2200337Ii 4500
001 on1011094336
003 Co-BoUCM
005 20180416123220.0
008 180416s2017 enk b 001 0 eng d
015 _aGBB7B9978
_2bnb
020 _a9781849048293
020 _a1849048290
029 1 _aAU@
_b000061922041
035 _a(OCoLC)1011094336
040 _aCo-BoUCM
_bspa
_cSaul Niño
_dSaul Niño
041 0 _aeng
100 1 _aDwyer, Maggie
_992146
245 1 0 _aSoldiers in revolt
_barmy mutinies in Africa
_cMaggie Dwyer
260 _aLondon
_bHurst & Company
_c2017
300 _avii, 237 páginas
505 0 0 _g1.
_tThe Popular Allure and Academic Neglect of Mutinies --
_tBeyond indiscipline --
_tMutinies in Africa --
_tBook overview --
_g2.
_tOut of the Shadows of Coups --
_tIdentifying mutiny --
_tResearching the mutineers' perspective --
_tDocumenting mutinies in West and Central Africa --
_g3.
_tThe Typical Mutiny: Patterns in Participants, Tactics and Outcomes --
_tThe uncomfortable place of rank-and-file soldiers in Africa --
_tPrivate problems --
_t`The problems are between the generals and us' --
_tMutineers' playbook --
_tMutineers' public relations campaigns --
_tViolence as an ace or a bluff --
_tThe predictably unpredictable nature of mutinies --
_tDetermining success in a mutiny --
_tConclusion --
_g4.
_tPublic Discourse, Protests and Revolts --
_tGlobal trends lead to ground-level complaints --
_tDual mobilisation --
_tBorrowed scripts --
_tFreedom to mutiny --
_tConclusion --
_g5.
_tThe Price of Hardship: Deployments and Peacekeeping --
_tRisks, entitlements and respect --
_tFamiliar complaints, new importance --
_tPay problems --
_tThe problem with transparency --
_tRevealing the greener grass --
_tCohesion and division --
_tConclusion --
_g6.
_tA Coup Hidden in a Mutiny: Case Study of Sierra Leone --
_tThe shifting role of the military --
_tThe Tigers are tested --
_tFrom objections to actions --
_tOperation Mutiny becomes Operation Coup --
_t`A change that changed little' --
_tA new military with new problems --
_tConclusion --
_g7.
_tMutinies with Unintended Consequences: Case Study of The Gambia --
_tThe reluctant creation of the Gambian armed forces --
_tThe divisive effects of the Confederal Army --
_tDissatisfaction among the peacekeepers --
_tMutinies lead to a contentious caretaker --
_tThe unresolved problems grow --
_tThe third and final strike --
_tPotential problems below the surface --
_tConclusion --
_g8.
_tAn Escalating Cycle of Mutinies: Case Study of Burkina Faso --
_tA temporary civilian-military union --
_tA tested tactic --
_tFamiliar dissatisfaction reignited --
_tThe military enters the scene --
_tMutiny finale --
_tDepth of the grievances --
_tThe exceptionally uninterested sectors --
_tNew changes replicate old patterns --
_tMemory of the mutinies continues --
_tConclusion --
_g9.
_tAn Altered View of Mutinies --
_tFuture of mutinies in West and Central Africa --
_tA revised view of mutinies.
546 _aTexto en inglés
650 7 _aSedición
_zAfrica
_xHistoria
_924074
650 0 _aSedición militar
_zAfrica
_xHistoria
_992147
650 7 _aDelitos militares
_912598
_xHistoria
_zÁfrica
650 7 _aDelitos militares
_912598
650 7 _aInsubordinación
_992148
651 7 _aÁfrica Occidental
_926569
942 _2DEWEY
_a6
_cLIBRO
_e1
_h355.1334096
_mD993s
999 _c309533
_d309533